00281 a2200109 4500001000700000020000600007040001100013100001900024240006200043245005700105362000900162169367 a  cMagnum aAntunes, Celso10aJogos para a estimulacao das multiplas inteligenciaslpor10aJogos para a estimulacao das multiplas inteligencias0 a1899